00000000nam##2200000za#4500
0019.573774
003CaOODSP
00520210624183848
007cr |||||||||||
008150406|1994||||xxc|||||o    f|0| 0 eng|d
022 |a1488-5379
040 |aCaOODSP|beng
043 |an-cn---
0861 |aFs97-6/2015E-PDF
1101 |aCanada. |bDepartment of Fisheries and Oceans.
24510|aHoming of alewives (Alosa pseudoharengus) and blueback herring (A. aestivalis) to and within the Saint John River, New Brunswick, as indicated by tagging data / |h[electronic resource]|cby B.M. Jessop.
260 |aHalifax - Nova Scotia : |bFisheries and Oceans Canada |c1994.
300 |a30p.|bmaps, references, tables
4901 |aCanadian technical report of fisheries and aquatic sciences|x1488-5379|vNo. 2015
500 |aIncorrect catalogue number (Fs97-6/2015) and ISSN (0706-6457) for the print edition have been copied in this electronic publication.
546 |a(Résumé en français)
590 |a12-23-Supp|b2012-05-28
7201 |aJessop, B. M.
7760#|tHoming of alewives (Alosa pseudoharengus) and blueback herring (A. aestivalis) to and within the Saint John River, New Brunswick, as indicated by tagging data / |w(CaOODSP)9.611898
830#0|aCanadian technical report of fisheries and aquatic sciences,|x1488-5379|vNo. 2015|w(CaOODSP)9.504449
85640|ahttp://publications.gc.ca|qPDF|s2.20 MB|uhttps://publications.gc.ca/collections/collection_2012/mpo-dfo/Fs97-6-2015-eng.pdf|yNo. 2015